LEADER 01152nam a2200277 u 4500 001 000000033077 003 CaOOAMICUS 005 20070226112325.0 008 971028s1997 it u000 u eng u 035 $a10774524 040 $aIPA$bita 100 1 $aOnaulogho, Matthew,$cO.S.A.,$d1950-$0(OLS)http://pul/name/25895 245 14$aThe equality of mankind according to John Locke /$cMatthew Onaulogho. 260 $aRoma :$b[s.n.],$c1997. 300 $axiv, 283 p. ;$c24 cm 502 $aDiss. -- Pontificia Università gregoriana. 504 $aBibliografia: p. 263-283. 600 14$aLocke, John,$d1632-1704.$0(OLS)http://pul/subject/17381 710 2 $aPontificia Università Gregoriana.$0(OLS)http://pul/name/147 850 $aPUL 852 $aPUL$W1$xDP1 Tesi Pon. Univ. Gregoriana$y40$mTH PUG 4416$j45460$nBK-PRI$b $qTesi$B45460$CPULBib$Z2$F45460 $H $81 910 $aPontificia Universitas Gregoriana$9147 941 1 $a16 961 $aINV: 83683 996 $6245$aThe equality of mankind according to John Locke$9(OLS)http://pul/title/45564 996 $6260$aRoma :$b[s.n.]$9(OLS)http://pul/publisher/47958 LEADER 01384nam a2200325 a 4500 001 000000047680 003 CaOOAMICUS 005 20130326115303.0 008 991222s1938 it u000 u ita r 035 $a10838400 040 $aPUL$bita 041 1 $aita$hdut 100 1 $aHuizinga, Johan,$d1872-1945.$0(OLS)http://pul/name/5518 240 10$aIn de schaduwen van morgen, een diagnose van het geestelijk lijden onzen tijd.$lItaliano.$0(OLS)http://pul/title/168468 245 13$aLa crisi della civiltà /$cJohan Huizinga. 250 $a2. ed. migliorata. 260 $aTorino :$bEinaudi,$c1938. 300 $a154 p. ;$c22 cm 490 1 $aSaggi ;$v05 650 4$aStoriografia$ySec. XX.$0(OLS)http://pul/subject/20105 651 4$aEuropa$xStoria culturale$xStoriografia.$0(OLS)http://pul/subject/20106 830 0$aSaggi (Einaudi) ;$v05.$0(OLS)http://pul/title/9841 850 $aPUL 852 $aPUL$W1$xDP1 Fondo Pastorale$y55$mP13 B 65$j63672$nBK-PRI$b $qFondi$B63672$CPULBib$Z2$F63672 $HPUL58397 $81 852 $aPUL$W1$xDP1 Fondo E. Rossi$y115$m1 H 62$j87959$qFondi$B152768$CPULBib$Z2$F152768 $82 941 1 $a1 961 $aSul dorso collocazione ms. di E. Rossi: H 28 996 $6245$aLa crisi della civiltà$9(OLS)http://pul/title/64201 996 $6260$aTorino :$bEinaudi$9(OLS)http://pul/publisher/48130